50 personalidades brasileiras mais seguidas no Instagram - Statistics

Estatísticas Gerais
  • Esse quiz foi jogado 520 vezes
  • A pontuação média é 22 de 50
Estatísticas das Respostas
Ocupação Personalidade % Correto
Cantora (pop/funk) Anitta
95%
Jogador de futebol (Paris Saint-Germain) Neymar Jr.
94%
DJ Alok
89%
Político, atual presidente do Brasil Jair Bolsonaro
74%
Cantora (axé) Ivete Sangalo
70%
Padre, cantor Fábio de Melo
69%
Cantora, advogada, ex-BBB Juliette Freire
67%
Ex-jogador de Futebol, empresário Ronaldo
67%
Atriz, apresentadora (SBT) Maísa Silva
65%
Cantora (sertanejo) Marília Mendonça
65%
Ex-jogador de futebol Ronaldinho
64%
Atriz (Globo), influenciadora Larissa Manoela
61%
Atriz (Globo) Bruna Marquezine
59%
Cantor (sertanejo) Gusttavo Lima
59%
Cantora (axé) Claudia Leitte
56%
Jogador de futebol (Real Madrid) Marcelo
56%
Humorista Whindersson Nunes
52%
Apresentadora (SBT), cantora Eliana
51%
Cantora (funk, pop) Ludmilla
51%
Cantor (sertanejo) Luan Santana
50%
Atriz (Globo), modelo, ex-BBB Grazi Massafera
48%
Cantora (sertanejo) Simone Mendes
47%
Atriz, apresentadora, humorista (Globo) Tata Werneck
46%
Cantora (sertanejo) Simaria Mendes
43%
Apresentador (Globo) Luciano Huck
41%
Apresentadora (RecordTV), ex-BBB Sabrina Sato
41%
Ex-jogador de futebol Kaká
39%
Atriz (Globo), modelo Marina Ruy Barbosa
39%
Ator, apresentador (RecordTV), cantor Rodrigo Faro
39%
Cantor (funk) Kevinho
38%
Ator (Globo) Caio Castro
37%
Cantora (pop) Luísa Sonza
37%
Jogador de futebol (Sem clube) Daniel Alves
35%
Atriz (Globo) Juliana Paes
33%
Cantora (funk), ex-A Fazenda MC Mirella
29%
Cantor (sertanejo, forró) Wesley Safadão
28%
Atriz (Globo) Paolla Oliveira
27%
Ator (Globo) Bruno Gagliasso
26%
Jogador de futebol (Flamengo) David Luiz
25%
Humorista, ator Tirulipa
22%
Influenciadora digital, ex-BBB Viih Tube
22%
Cantor (sertanejo), ator Lucas Lucco
20%
Atriz (Globo) Isis Valverde
19%
Jogador de futebol (Barcelona) Philippe Coutinho
19%
Influenciadora digital, apresentadora, ex-BBB Rafa Kalimann
19%
Humorista, ator Carlinhos Maia
18%
Atriz (Globo), modelo Giovanna Ewbank
15%
Atriz (Globo) Deborah Secco
11%
Atriz (Globo) Fernanda Souza
5%
Atriz (SBT) Flavia Pavanelli
5%
Nenhum quiz correspondente encontrado
Distribuição das Pontuações
Porcentagem de Pessoas com Cada Pontuação
Percentil de Números Respondidos
Sua Pontuação Histórica
Você não jogou esse quiz